Les Monuments du cyclisme - Statistiques

Statistiques générales
  • Ce quiz a été pris 699 fois
  • Le résultat moyen est 4 sur 5
Statistiques - réponses
Monuments % Correct
Paris-Roubaix
98%
Milan-San Remo
92%
Tour des Flandres
86%
Liège-Bastogne-Liège
77%
Tour de Lombardie
75%
Aucun quiz correspondant
Distribution des résultats
% des personnes avec chaque résultat
Percentile par nombre de réponses
Votre historique - résultats
Vous n’avez pas pris ce quiz